000
00185 a2200097 4500
001
27371
100
_a
Bartee, T
245
_a
260
_a
_b
McGraw-Hill
_c
1957
090
_c
18194
_d
18194
942
_a
NUST-CAE
_c
_c
9107
999
_c
262444
_d
262444